000 00541nam a2200181 4500
999 _c163724
_d163724
005 20190426163020.0
010 _aENG-125097
020 _a9789382244134
_c100.00
035 _aEN-108629
037 _bDBAD/PUB
082 _a828.920
100 _aBaldev Singh
245 _aPunjabi joke book /
_cby Baldev Singh
260 _aChandigarh
_bR.S. Prakashan
_c2013
270 _aPlot No.11, Industrial Area, Phase-11
_bChandigarh
_mdr.baldevsingh@ymail.com
300 _a110p.
_c22cm(pbk)
942 _2ddc
_cEN
_h828.920
_mBAL